00511nam a2200145 i 450000100060000000300090000600500170001500700030003200800410003510000420007624501570011826000340027565000310030985200250034040728ES-MaACL20250820063029.0t|030306s1884 sp ||||1| spa d1 aCarreras y Aragó, Luis, d1835-190710aDe las cataratas hereditarias y de su trasmisión principalmente a los individuos de sexo igual al del paciente originario / cLuis Carreras y Aragó. aBarcelona : b[s.n.], c1887. 4aCataratas (Oftalmología) aES-MaACLjT-634-F-11